Statistics for Countries with the Most Electric Cars

Click here to take the quiz!

General Stats

  • This quiz has been taken 48 times
  • The average score is 18 of 22

Answer Stats

%Answer% Correct
7.2United States
100%
22.9United Kingdom
95%
8.9Canada
93%
31.4Germany
93%
9.6Spain
90%
56.1Sweden
90%
37.5Finland
88%
87.8Norway
88%
35.0Netherlands
85%
20.0Austria
83%
26.5Belgium
83%
21.6France
83%
8.8Italy
83%
38.6Denmark
80%
25.9Switzerland
80%
56.1Iceland
76%
22.2Ireland
76%
21.7Portugal
76%
3.6Australia
71%
30.0China
71%
15.0New Zealand
61%
21.7Romania
15%

Score Distribution

Percentile by Number Answered

Percent of People with Each Score

Your Score History

You have not taken this quiz